Stati per numero di Rifugiati ogni 1 000 abitanti - Statistics

Statistiche generali
  • Questo quiz è stato fatto 6 volte
  • Il punteggio medio è 4 su 10
Statistiche sulle risposte
Numero di rifugiati ogni 1 000 abitanti Continente Nazione % Corretto
23,72 Asia / Europa Turchia
100%
89,55 Asia Giordania
67%
208,91 Asia Libano
67%
30,97 Africa Ciad
50%
50,60 Oceania Nauru
50%
14,58 Europa Malta
33%
19,36 Africa Mauritania
33%
16,88 Africa Gibuti
17%
14,66 Europa Svezia
17%
22,32 Africa Sudan del Sud
0%
Nessun quiz corrispondente trovato
Distribuzione punteggi
Percentuale di utenti per punteggio
Percentile per numero di risposta
I tuoi punteggi nel tempo
Non hai fatto questo quiz